| 000 | 01264nam a2200349Ia 4500 | ||
|---|---|---|---|
| 001 | ebr10070318 | ||
| 003 | CaPaEBR | ||
| 006 | m u | ||
| 007 | cr cn||||||||| | ||
| 008 | 030327s2003 mdua sb 001 0 eng d | ||
| 010 | _z 2003047527 | ||
| 020 | _z0801881420 | ||
| 020 | _z0801874173 (alk. paper) | ||
| 040 |
_aCaPaEBR _cCaPaEBR |
||
| 035 | _a(OCoLC)70757368 | ||
| 050 | 1 | 4 |
_aQC125.2 _b.P37 2003eb |
| 082 | 0 | 4 |
_a531 _221 |
| 100 | 1 | _aParker, Barry R. | |
| 245 | 1 | 4 |
_aThe Isaac Newton school of driving _h[electronic resource] : _bphysics & your car / _cBarry Parker. |
| 246 | 3 | 0 | _aPhysics and your car |
| 260 |
_aBaltimore, MD : _bJohns Hopkins University Press, _c2003. |
||
| 300 |
_a250 p. : _bill. |
||
| 504 | _aIncludes bibliographical references and index. | ||
| 533 |
_aElectronic reproduction. _bPalo Alto, Calif. : _cebrary, _d2009. _nAvailable via World Wide Web. _nAccess may be limited to ebrary affiliated libraries. |
||
| 650 | 0 | _aMechanics. | |
| 650 | 0 | _aElasticity. | |
| 650 | 0 | _aMotion. | |
| 650 | 0 | _aThermodynamics. | |
| 655 | 7 |
_aElectronic books. _2local |
|
| 710 | 2 | _aebrary, Inc. | |
| 856 | 4 | 0 |
_uhttp://site.ebrary.com/lib/rucke/Doc?id=10070318 _zAn electronic book accessible through the World Wide Web; click to view |
| 999 |
_c31158 _d31158 |
||